header

The history of the German resistance, 1933-1945 (Record no. 140739)

MARC details
000 -LEADER
fixed length control field 01395nam a2200337Ia 4500
100 1# - MAIN ENTRY--AUTHOR NAME
Personal name Hoffmann, Peter,
245 14 - TITLE STATEMENT
Title The history of the German resistance, 1933-1945
250 ## - EDITION STATEMENT
Edition statement 3rd English ed.
260 ## - PUBLICATION, DISTRIBUTION, ETC. (IMPRINT)
Place of publication Montreal ;
-- Buffalo :
Name of publisher McGill-Queen's University Press,
Year of publication 1996.
300 ## - PHYSICAL DESCRIPTION
Number of Pages xviii, 853 p. :
Other physical details ill.
650 #0 - SUBJECT ADDED ENTRY--TOPICAL TERM
Topical Term Anti-Nazi movement.
856 40 - ELECTRONIC LOCATION AND ACCESS
Uniform Resource Identifier http://site.ebrary.com/lib/rucke/Doc?id=10178209

No items available.

© 2026 Rongo University
Contact us: librarian | system librarian | Rongo university